[Event "EU Corporate-ch"]
[Site "Rotterdam"]
[Date "2022.06.19"]
[Round "9"]
[White "Dayanand, Kanyamarala"]
[Black "Basiaga, Sebastian"]
[Result "0-1"]
[WhiteElo "1142"]
[BlackElo "1749"]
[PlyCount "78"]
[EventDate "2022.06.18"]
[EventType "team-tourn (rapid)"]
[EventRounds "9"]
[EventCountry "NED"]
[SourceTitle "EXT 2023"]
[Source "ChessBase"]
[SourceDate "2022.10.05"]
[SourceVersion "1"]
[SourceVersionDate "2022.10.05"]
[SourceQuality "1"]

1. d4 d5 2. e3 Nf6 3. Bd3 c6 4. c3 Bg4 5. Qc2 Nbd7 6. Nd2 e5 7. f3 Be6 8. Ne2 Bd6 9. Qd1 Qc7 10. Bc2 0-0 11. 0-0 exd4 12. f4 dxe3 13. Nf3 Ne4 14. Bxe3 f5 15. Qe1 Be7 16. Ned4 Qd6 17. Rd1 Ndf6 18. Ne5 Rae8 19. Bxe4 Nxe4 20. Rd3 Bf6 21. Nxe6 Qxe6 22. Bd4 c5 23. Be3 Bxe5 24. fxe5 Qxe5 25. Bf4 Qe6 26. Rh3 g6 27. Qh4 Qf7 28. Bh6 Qf6 29. Qxf6 Rxf6 30. Rd3 g5 31. Bxg5 Nxg5 32. Rxd5 b6 33. h4 Ne4 34. Re1 Re7 35. Rd8+ Kg7 36. Re3 f4 37. Rf3 Ng3 38. Rdd3 Re1+ 39. Kf2 Rf1# 0-1